00714nam a2200241Ia 450000100060000000300090000600800410001504000130005604000130006904100130008210000190009510000290011424500380014324500210018125000110020226000110021326000090022426000490023330000570028250000850033965000170042465000310044179150IT-RoPAU130308s9999 xx 000 0 und d aIT-RoPAU cIT-RoPAU aITALIANO aCocio Caterina gCodice Aut. SPICS: 27389 aBuddhismo-La dottrina della pace  bPopoli Diversi-5 a1a ed. aTORINO bSAIE c1979 [1° Ed.:1979 - Ed.Ling.Originale:1979] a"10 p. (prefazione: no ; testo: 10 [pagine: 84-93])" aOrigini e Diffusione del Buddhismo Evoluzione Dottrinale Buddhismo Contemporaneo aANTROPOLOGIA eCodice materia Spics: 3501